Films de Tarantino - Statistiques

Statistiques générales
  • Ce quiz a été pris 243 fois
    220 depuis la dernière actualisation
  • Le résultat moyen est 5 sur 9
Statistiques - réponses
Année Réponse % Correct
1994 Pulp Fiction
87%
2003-2004 Kill Bill
81%
2012 Django Unchained
65%
1992 Reservoir Dogs
62%
2019 Once Upon a Time… in Hollywood
56%
1997 Jackie Brown
36%
2007 Boulevard de la mort
26%
2015 Les Huit Salopards
25%
2009 Inglourious Basterds
21%
Aucun quiz correspondant
Distribution des résultats
% des personnes avec chaque résultat
Percentile par nombre de réponses
Votre historique - résultats
Vous n’avez pas pris ce quiz depuis la dernière actualisation